Basic Accounting For Attorneys / (Record no. 122)

MARC details
000 -LEADER
fixed length control field 00536nam a22001697a 4500
005 - DATE AND TIME OF INPUT
control field 20231027132659.0
008 - DATA ELEMENTS--GENERAL INFORMATION
fixed length control field 231027b |||||||| |||| 00| 0 eng d
020 ## - INTERNATIONAL STANDARD BOOK NUMBER
International Standard Book Number 0702119113
041 ## - LANGUAGE CODE
Language code of text English
082 ## - SHELF NUMBER
DDC number 657 FAU
100 ## - MAIN AUTHOR
Main author's name Faul MA, Blom CP and Morgan JA
Language of a work English
245 ## - TITLE STATEMENT
Title Basic Accounting For Attorneys /
Statement of responsibility, etc. MA Faul, CP Blom and JA Morgan
260 ## - PUBLICATION, DISTRIBUTION, ETC.
Place of publication, distribution, etc. Cape Town :
Name of publisher, distributor, etc. Juta & Company Ltd,
Date of publication, distribution, etc. 1987
300 ## - PHYSICAL DESCRIPTION
Other physical details 281 pages ;
Dimensions 25,5 cm.
650 ## - SUBJECT`
Broad subject Legal practice
Own subject terms Law
942 ## - ADDED ENTRY ELEMENTS (KOHA)
Item type Books
942 ## - ADDED ENTRY ELEMENTS (KOHA)
-- ALISON_BN_VRIES
Holdings
Source of classification or shelving scheme Not for loan Collection code Home library Current library Shelving location Date acquired Full call number Barcode Price effective from Koha item type
Dewey Decimal Classification   TEXT BOOKS LAW SOCIETY OF NAMIBIA LIBRARY - WINDHOEK LAW SOCIETY OF NAMIBIA LIBRARY - WINDHOEK Accounting law 10/27/2023 657 FAU LSN/1988/5 10/27/2023 Books